000 00682cam a22002533a 4500
001 2933
003 PGUSA
005 20140828083023.0
008 011101s2001||||xxu|||||s|||||000 | eng d
040 _aPGUSA
_beng
042 _adc
050 4 _aQ
100 1 _aHuxley, Thomas Henry,
_d1825-1895
245 1 0 _aOn Some Fossil Remains of Man
_h[electronic resource] /
_cThomas Henry Huxley
260 _bProject Gutenberg,
_c2001
506 _aPublic domain in the USA.
516 _aElectronic text
653 _aApes
653 _aEthnology
653 _aHuman beings
830 0 _aProject Gutenberg
_v2933
856 4 0 _uhttp://www.gutenberg.org/ebooks/2933
942 _cEB
999 _c232263
_d232263